Farmers Functional Literacy Project : A review of fourth plan and progress in 19 (Record no. 14087)

MARC details
000 -LEADER
fixed length control field 00338nam a2200121Ia 4500
082 ## - DEWEY DECIMAL CLASSIFICATION NUMBER
Classification number RF.0003
100 ## - MAIN ENTRY--AUTHOR NAME
Personal name India. Ministry of Education a
245 #0 - TITLE STATEMENT
Title Farmers Functional Literacy Project : A review of fourth plan and progress in 19
260 ## - PUBLICATION, DISTRIBUTION, ETC. (IMPRINT)
Year of publication 1974
300 ## - PHYSICAL DESCRIPTION
Number of Pages 137p.
942 ## - ADDED ENTRY ELEMENTS (KOHA)
Koha item type Books
Holdings
Withdrawn status Lost status Damaged status Not for loan Home library Current library Date acquired Bill Date Full call number Accession Number Price effective from Koha item type
        NASSDOC Library NASSDOC Library 08/10/2004 2004-10-22 RF.0003 17716 18/04/2019 Books